| 000 | 00457nam a2200181 a 4500 | ||
|---|---|---|---|
| 001 | 0069 | ||
| 005 | 20140414131904.0 | ||
| 008 | 040728s19uu xx 00 eng d | ||
| 020 | _a0-7323-2846-2 | ||
| 050 |
_aFIC _bM45 1996 |
||
| 100 | _aMazer, Anne | ||
| 245 |
_a101 dalmatians / _ca novel by Anne Mazer. |
||
| 260 |
_aAustralia : _bReed for Kids, _c1996. |
||
| 300 | _a92 p. : ill. ; cm. | ||
| 650 | _aFiction. | ||
| 650 | _aNovel. | ||
| 999 |
_c110828 _d110828 |
||